000 00381nam a22001457a 4500
082 _a491.550
_bSAT
100 _aSatti, Muhammad Sabeer
245 _aPahari Zaban /
_c Muhammad Sabeer Satti
260 _aRawalpindi:
_bAwaz publications;
_c2025.
300 _a144p.
563 _aHB
650 _aPahari language
_9134213
650 _aLinguistics
_9306
942 _2ddc
_cBK
999 _c617184
_d617184